000 00495nam a22001937a 4500
003 OSt
005 20241016124650.0
008 241016b |||||||| |||| 00| 0 eng d
020 _a9781461271550
040 _aDDC
_cMUST
082 _a514.32 SCH 1999
100 _aKothe G.
_919268
245 _aTopological Vector Spaces 1
_cKothe G.
260 _aNew York;
_bSpringer,
_c1999.
300 _axi,346p.:
_c25.cm.
504 _aIncludes Indexes
650 _aPhysics
_9809
942 _2ddc
_cO_SHELF
999 _c9444
_d9444